000 00982nam a2200325Ia 4500
001 35152
003 IT-RoPAU
008 130308s9999 xx 000 0 und d
040 _aIT-RoPAU
040 _cIT-RoPAU
041 _aITALIANO
100 _aBloomfield Leonard
100 _gCodice Aut. SPICS: 16695
240 _aLINGUISTIC ASPECTS OF SCIENCE
240 _gCodice Tit. Orig. Spics: T0867
245 _aScienza del linguaggio e linguaggio della scienza
245 _bScienza del Linguaggio e Linguaggio della Scienza
250 _a2a ed.
260 _aVENEZIA
260 _bMarsilio
260 _c1980 [1° Ed.:1970 - Ed.Ling.Originale:1939]
300 _a"122 p. (prefazione: no ; testo: 122)"
500 _aFunzione del Linguaggio Struttura del Linguaggio Precisione nel Linguaggio Naturale Linguaggio Scientifico
650 _aLINGUISTICA
650 _eCodice materia Spics: 3201
942 _cBK
957 _71
999 _c65661
_d65661
999 _bSI
999 _g1